| 000 | 00828nam a2200253 a 4500 | ||
|---|---|---|---|
| 001 | 000004588 | ||
| 005 | 20200929151451.0 | ||
| 008 | 791011s1989 sp 000 0 spa | ||
| 020 | _a8401490871 | ||
| 020 | _a8401499267 | ||
| 040 |
_aDO-SdBNP _bspa _cBNPHU |
||
| 082 |
_a813.54 _bL945c, 1989 |
||
| 100 | 1 |
_aLudlum, Robert, _d1927-2001. _910566 |
|
| 240 | 1 | 4 |
_aThe bourne identity _lEspañol. |
| 245 | 1 | 3 |
_aEl caso Bourne / _cRobert Ludlum ; traducción, grupo Editorial Atlántida. |
| 250 | _a3a ed. | ||
| 260 |
_aBarcelona : _bPlaza & Janés, _c1989. |
||
| 300 |
_a[569] p. ; _c17 cm. |
||
| 490 | 1 |
_aLos Jet de Plaza & Janés _v87/6 |
|
| 650 | 4 |
_aNovela estadounidense _9262 |
|
| 650 | 4 |
_aLiteratura estadounidense _9263 |
|
| 710 | 1 |
_aGrupo Editorial Atlántida. _913384 |
|
| 830 | 4 |
_aLos Jet de Plaza & Janés; _n87/6 _913385 |
|
| 999 |
_c4396 _d4396 |
||